000 00965nam a2200277Ia 4500
003 OSt
005 20221005085452.0
006 a|||||r|||| 00| 0
007 ta
008 221004b |||||||| |||| 00| 0 eng d
020 _a9780823276271 (pbk)
_cUKP 21.99
024 _a35224
037 _b8255, 13/11/2017, Efficient Book Distributors
_cTextual
040 _aCRL
_cCRL
_beng
041 _2eng
_aeng
082 _aW:(R), Q7
100 _aEsposito Roberto Au.
_9583280
245 0 _aOrigin of the poltical
_b hannah arendt or simone weil?
260 _aNew York
_bFordham University Press USA
_c2017
300 _a90p.
_ccm.
650 _aPOLITICAL SCIENCE - PHILOSOPHY
_9591086
700 _a Binetti Vincenzo Tr.
_9614224
700 _a Williams Gareth Tr.
_9614225
942 _hW:(R), Q7
_cTEXL
_2cc
999 _c994269
_d994269